000 01154nam a2200289 c 4500
999 _c341781
_d341781
003 BLK
005 20200421112426.0
008 180911b bul|||||r ||||||| ||bul||
010 _a001411
040 _aBLK
041 _aBUL
_cBUL
080 _z949.72
100 _aКрачунов, Кръстю
_eпърви автор
_9396717
139 _aКрачунов, Кръстю
245 0 0 _aПравата на българите върху Македония, Тракия и Добруджа
246 _aСпоред 150 дипломат. документи и видни мъже
260 _aСофия
_bпеч. Добринов
_c1933
300 _a72 с
_c22 см
380 _a9
490 _aЧастна колекция - Академик Михаил Арнаудов
_gДарение - Основен фонд
500 _aМихаил Арнаудов: негови-книга. - Подчертавания в текста : с. 12-13. - Автограф. с текст: На г. проф. Д-р Михаил Арнаудов авторът
655 _aбългарска история
_9396199
700 1 _aК. Крачунов
_9399088
852 _aМА 2690
_bМА
942 _cKNG
_n0
_s1
944 _aCR
_c1997
_kGGG
999 _d341781
999 _d341781